Statistics for UK Shipping Forecast Areas

Click here to take the quiz!

General Stats

  • This quiz has been taken 275 times
  • The average score is 18 of 31

Answer Stats

Answer % Correct
Dogger
90%
Dover
77%
Humber
69%
German Bight
67%
Tyne
67%
Thames
66%
Irish Sea
65%
Cromarty
64%
Biscay
63%
Hebrides
62%
Wight
62%
Lundy
59%
Forth
58%
Plymouth
58%
Rockall
58%
Fastnet
58%
North Utsire
57%
South Utsire
57%
Malin
54%
FitzRoy
54%
Forties
53%
Viking
53%
Shannon
50%
Fair Isle
50%
Trafalgar
50%
Fisher
49%
Portland
49%
Sole
46%
South East Iceland
38%
Bailey
38%
Faeroes
37%

Score Distribution

Percentile by Number Answered

Percent of People with Each Score

Your Score History

You have not taken this quiz